000 00325nam a2200133Ia 4500
008 230524s9999 xx 000 0 und d
100 _aP.Chattopadhyay
245 0 _aEngineering Thermodynamics
250 _aRevised 1st ed.
260 _bOxford
500 _aQuantity Number: 60
650 _aThermodynamics
942 _cBK
999 _c50553
_d50553